Elementary and intermediate algebra : (Record no. 4226)

MARC details
000 -LEADER
fixed length control field 00635nam a22002177a 4500
003 - CONTROL NUMBER IDENTIFIER
control field OSt
005 - DATE AND TIME OF LATEST TRANSACTION
control field 20250826020151.0
008 - FIXED-LENGTH DATA ELEMENTS--GENERAL INFORMATION
fixed length control field 250826b |||||||| |||| 00| 0 eng d
020 ## - INTERNATIONAL STANDARD BOOK NUMBER
International Standard Book Number 978--0-07-110193-6.
040 ## - CATALOGING SOURCE
Original cataloging agency DWC-Main Lib.
Transcribing agency OC
082 ## - DEWEY DECIMAL CLASSIFICATION NUMBER
Edition number 3rd ed.
100 ## - MAIN ENTRY--PERSONAL NAME
Personal name BARATTO, STEFAN
245 ## - TITLE STATEMENT
Title Elementary and intermediate algebra :
Remainder of title a unified approach
Statement of responsibility, etc. BARATTO, STEFAN
250 ## - EDITION STATEMENT
Edition statement 3rd ed.
260 ## - PUBLICATION, DISTRIBUTION, ETC.
Place of publication, distribution, etc. N. Y. :
Name of publisher, distributor, etc. McGraw-Hill,
Date of publication, distribution, etc. c2008.
300 ## - PHYSICAL DESCRIPTION
Extent XXVI, various paging :
Other physical details col. ill. ;
Dimensions 27 cm.
504 ## - BIBLIOGRAPHY, ETC. NOTE
Bibliography, etc. note Includes index.
650 ## - SUBJECT ADDED ENTRY--TOPICAL TERM
Topical term or geographic name entry element Algebra.
700 ## - ADDED ENTRY--PERSONAL NAME
Personal name BERGMAN, BARRY
942 ## - ADDED ENTRY ELEMENTS (KOHA)
Source of classification or shelving scheme Dewey Decimal Classification
Koha item type General Reference
Edition 3rd ed.
Classification part GR
Suppress in OPAC No
952 ## - LOCATION AND ITEM INFORMATION (KOHA)
--
952 ## - LOCATION AND ITEM INFORMATION (KOHA)
--
Holdings
Withdrawn status Lost status Source of classification or shelving scheme Damaged status Not for loan Home library Current library Shelving location Date acquired Source of acquisition Total Checkouts Full call number Barcode Date last seen Copy number Price effective from Koha item type Uniform Resource Identifier
    Dewey Decimal Classification     College Library College Library General Reference 09/22/2007 School Fund   Circ. 512 B226e 2008 CL45166 08/26/2025 c1 08/26/2025 BK-CIRC
    Dewey Decimal Classification     College Library College Library General Reference 06/20/2009 School Fund   Circ. 512 B226e 2008 CL46634 08/26/2025 c2 08/26/2025 BK-CIRC